1142 1227 1439 1681 1454 1972 1664 1084 1080 1388 1734 1837 1937 1089 1717 1967 1207 1424 1770 1446 1608 1250 1567 1669 1248 1820 1276 1750 1954 1021 1972 1531 1182 1825 1060 1176 1689 1939 1761 1904 1666 1992 1379 1153 1579 1004 1163 1729 1490 1299 1824 1219 1902 1768 1766 1672 1394 1373 1403 1106 1701 1533 1645 1210 1815 1686 1985 1149 1063 1550 1588 1260 1885 1755 1159 1270 1972 1725 1064 1752 1444 1517 1343 1316 1584 1235 1086 1152 1129 1258 1769 1148 1332 1357 1808 1276 1548 1681 1460 BCNSPRNW ULIB Ver.6.0+V

เปลี่ยนเป็นภาษาไทย

Change to English
 แสดงรายละเอียดบรรณานุกรม
  กลับหน้าหลัก

Brief Record : Get Marc (ISO 2709) : E-mail record : QR code < ปิดหน้าต่าง
LEADER : 00000nam 2200000uu 4500
001    13399122543
003     ULIB
008    130726s2550||||th 000 0 tha d
020    ^a9789747040609
050 04 ^aQ158.5^bP111
100 0  ^aชลเทพ ณ บางช้าง
245 10 ^aสัตววิทยา = Essential atlas of zoology /^cชลเทพ ณ บางช้าง
246 31 ^aEssential atlas of zoology
260    ^aกรุงเทพฯ :^bชมรมเด็ก,^c2550
300    ^a96 หน้า :^bภาพประกอบ
650  7 ^aสัตว์^xภาพ
650  7 ^aพฤติกรรมสัตว์^xภาพ
945    ^p300^l0^i19993
995    ^aทศพร
999    ^aทศพร เกษรทอง
รายการนี้ยังไม่มีแท็ก
คุณยังไม่ได้ล็อกอิน คุณสามารถมีกิจกรรมร่วมกับเว็บไซต์ได้ แต่ต้องล็อกอินก่อน ::
  ล็อกอิน

รายการสื่อสารสนเทศ

ลำดับที่ ประเภท เลขเรียก/บาร์โค้ด สถานที่ สถานะ
1. การศึกษาทั่วไป
การศึกษาทั่วไป
Q158.5 P111  
  Barcode: 19993
ห้องสมุดวิทยาเขตสวรรค์ประชารักษ์
►หนังสือทั่วไป
บนชั้น

รายการใกล้เคียง
    ผู้แต่ง [ชลเทพ ณ บางช้าง]

BibComment


ยังไม่เคยถูกคอมเมนท์

คอมเมนท์ทรัพยากรรายการนี้
  คอมเมนท์: สัตววิทยา Essen..


 Copyright 2026. Bcnsprnw @Library